Moralphilosophie und Naturrecht bei Samuel Pufendorf. Eine geistes- und wissenschaftsgeschichtliche Untersuchung zur Geburt des Naturrechts aus der Praktischen Philosophie.

Αποθηκεύτηκε σε:
Λεπτομέρειες βιβλιογραφικής εγγραφής
Κύριος συγγραφέας: Denzer, Horst (autor)
Μορφή: Βιβλίο
Έκδοση: München, Dutschland: C.H.Beck, 1972.
Σειρά:Münchener Studien zur Politik,
Θέματα:
Ετικέτες: Προσθήκη ετικέτας
Δεν υπάρχουν, Καταχωρήστε ετικέτα πρώτοι!

MARC

LEADER 00000nam a22000007a 4500
003 CL-VaPUC
005 20220822114801.0
008 220802t1972 ||||| |||| 00| 0 eng d
999 |c 437873  |d 437871 
020 |a 3 406 03732 1 
040 |c Pontificia Universidad Católica de Valparaíso 
082 7 |a 171.2 DEN 1972  |2 22 
100 1 |a Denzer, Horst  |e autor  |9 874611 
245 |a Moralphilosophie und Naturrecht bei Samuel Pufendorf.  |b Eine geistes- und wissenschaftsgeschichtliche Untersuchung zur Geburt des Naturrechts aus der Praktischen Philosophie. 
260 |a München, Dutschland:  |b C.H.Beck,   |c 1972. 
300 |a xiv, 405 páginas. 
490 |a Münchener Studien zur Politik,   |n  22. 
500 |a c.1. Donación Familia Prof. Alejandro Guzmán Brito. 
583 |c 20220802  |k Cristina María Rojas Aguilar 
600 0 |a Pufendorf, Samuel, -- Freiherr von,   |9 869341  |d 1632-1694.  |x Pensamiento filosófico  
650 |a Derecho Natural   |9 255041 
942 |2 ddc  |c BK  |n 0 
952 |0 0  |1 0  |2 ddc  |4 0  |6 171_200000000000000_DEN_1972  |7 0  |8 C_AGB  |9 585724  |a BIBDER  |b BIBDER  |d 2022-08-02  |e Donación   |i 5653709  |o 171.2 DEN 1972  |p 5653709  |r 2023-01-25  |t 1  |w 2022-08-02  |y BK_US  |k AGB